000 00308nam a22001337a 4500
020 _a978-81-239-1618--7
041 _aENG
100 _aBansil.B.C
245 _aHorticultre in India
260 _aDelhi
_bCBS Publishers &Distributors
_c2008
300 _a1051
650 _aHorticulture
856 _uAgricultural
999 _c43
_d43